Fehar satwarah Mashriq nuskha hai khati pazshaki-o-uloom-o-basta dar kitabkhana hai Iran (Record no. 1465625)

MARC details
000 -LEADER
fixed length control field 00362 a2200121 4500
000 - LEADER
fixed length control field nam a22 7a 4500
005 - DATE AND TIME OF LATEST TRANSACTION
control field 20251127154801.0
020 ## - INTERNATIONAL STANDARD BOOK NUMBER
International Standard Book Number 9789642542925
100 ## - MAIN ENTRY--PERSONAL NAME
Personal name Ardkani, Mohammad Raza Shams
9 (RLIN) 853303
245 ## - TITLE STATEMENT
Title Fehar satwarah Mashriq nuskha hai khati pazshaki-o-uloom-o-basta dar kitabkhana hai Iran
260 ## - PUBLICATION, DISTRIBUTION, ETC.
Name of publisher, distributor, etc. Chaugan
Date of publication, distribution, etc. 2014
942 ## - ADDED ENTRY ELEMENTS (KOHA)
Koha item type Textbook
Holdings
Withdrawn status Lost status Source of classification or shelving scheme Damaged status Not for loan Home library Current library Date acquired Source of acquisition Cost, normal purchase price Total Checkouts Date last seen Cost, replacement price Price effective from Koha item type
    Colon Classification (CC)     Central Library Central Library 2025-12-18 48 2400.00   2025-12-18 3000.00 2025-12-18 Textbook
Copyright @ Delhi University Library System